| 000 | nam a22 7a 4500 | ||
|---|---|---|---|
| 999 |
_c15874 _d15874 |
||
| 008 | 161105b xxu||||| |||| 00| 0 eng d | ||
| 020 | _a0721607985 | ||
| 050 | _aRC 871 .C33 2007 | ||
| 100 | _aWein, Alan J. | ||
| 245 |
_aCampbell-Walsh urology Vol.3/ _c; Alan J Wein; Louis R. Kavoussi; Andrew C. Novick; Alan W. Partin; Craig A. Peters |
||
| 250 | _a9th ed. | ||
| 260 |
_aPhiladelphia : _bSaunders Elsevier, _c2007. |
||
| 300 |
_axlii, 3117p. : _bill. ; |
||
| 500 | _aIncludes bibliography and index. | ||
| 650 | _aUrology. | ||
| 700 | _a Kavoussi, Louis R. | ||
| 700 | _aNovick, Andrew C. | ||
| 700 | _aPartin, Alan W. | ||
| 700 | _aPeters, Craig A. | ||
| 942 |
_2lcc _cBOOKS _hRC 871 .C33 2007 |
||